Polskie miasta na T według podpowiedzi - Statystyki

Ogólne statystyki
  • Ten quiz został rozwiązany 131 razy
  • Średni wynik to 6 z 10
Statystyki odpowiedzi
Podpowiedź Miasto % Poprawnych
Słynie z pierników i bycia miastem Kopernika. Toruń
100%
Wbrew nazwie leży w województwie łódzkim, a nie mazowieckim. Tomaszów Mazowiecki
79%
Pochodzi stamtąd jedna z najbardziej kultowych marek piwa w Polsce. Tychy
74%
Leży nad Wisłą i słynie z przemysłu siarkowego. Tarnobrzeg
69%
Sąsiaduje z Brześciem na Białorusi. Terespol
68%
Ważny węzeł kolejowy województwa pomorskiego. Tczew
62%
Nazywane polskim biegunem ciepła, z herbem Leliwa jako herbem miejskim. Tarnów
61%
Z nazwą tego miasta związana jest nazwa jednego z parków narodowych. Tuchola
41%
Leży niedaleko Piły i ma dewizę Trudno wymówić, Łatwo polubić! Trzcianka
25%
Na tamtejszy szpital psychiatryczny lokalsi mówią niskie domki. Tarnowskie Góry
14%
Nie znaleziono quizów pasujących do podanych kryteriów
Rozkład punktacji
Procent ludzi z każdym wynikiem
Percentyl według liczby udzielonych odpowiedzi
Twoja historia wyników
Nie rozwiązałeś tego quizu